Awrāqī-- ḥayātī /
Saved in:
| Main Author: | |
|---|---|
| Format: | Book |
| Language: | Arabic |
| Published: |
al-Qāhirah :
Dār al-Hilāl,
1995.
|
| Subjects: | |
| Tags: |
Add Tag
No Tags, Be the first to tag this record!
|
| LEADER | 00688nam a2200229 a 4500 | ||
|---|---|---|---|
| 001 | 006993473-8 | ||
| 005 | 20020606163548.3 | ||
| 008 | 960730m19959999ua 000|0aara d | ||
| 020 | |a 9770704245 | ||
| 020 | |a 9772391341 (v. 2) | ||
| 035 | 0 | |a ocm35085044 | |
| 043 | |a f-ua--- | ||
| 100 | 1 | |a Saʻdāwī, Nawāl. | |
| 245 | 1 | 0 | |a Awrāqī-- ḥayātī / |c bi-qalam Nawāl al-Saʻdāwī. |
| 260 | |a al-Qāhirah : |b Dār al-Hilāl, |c 1995. | ||
| 300 | |a v. ; |c 24 cm. | ||
| 500 | |a Vol. 2 published: Dār al-Mustaqbal al-ʻArabī. | ||
| 600 | 1 | 0 | |a Saʻdāwī, Nawāl. |
| 650 | 0 | |a Women authors, Arab |z Egypt |v Biography. | |
| 650 | 0 | |a Women physicians |z Egypt |v Biography. | |
| 988 | |a 20020608 | ||
| 906 | |0 MH | ||


